Text book of building construction / (Record no. 4517)
[ view plain ]
| 000 -LEADER | |
|---|---|
| fixed length control field | 00440cam a2200181ua 4500 |
| 041 ## - LANGUAGE CODE | |
| Language code of text/sound track or separate title | eng |
| 082 ## - DEWEY DECIMAL CLASSIFICATION NUMBER | |
| Classification number | 690 |
| Item number | SHA/TE |
| 100 ## - MAIN ENTRY--AUTHOR NAME | |
| Personal name | Sharma, S K . |
| 245 ## - TITLE STATEMENT | |
| Title | Text book of building construction / |
| 250 ## - EDITION STATEMENT | |
| Edition statement | 7 / |
| 260 ## - PUBLICATION, DISTRIBUTION, ETC. (IMPRINT) | |
| Place of publication | New Delhi : |
| Name of publisher | S.Chand and Co , |
| Year of publication | 1990. |
| 300 ## - PHYSICAL DESCRIPTION | |
| Number of Pages | 729 ; . |
| 942 ## - ADDED ENTRY ELEMENTS (KOHA) | |
| Koha item type | Books |
| Withdrawn status | Lost status | Damaged status | Home library | Current library | Date acquired | Full call number | Accession Number | Koha item type | Shelving location |
|---|---|---|---|---|---|---|---|---|---|
| KAUAET | KAUAET | 07/04/2012 | 690 | 16732 | Books | ||||
| Damaged | KAUAET | KAUAET | 07/04/2012 | 690 | 19292 | Books | Binding Shelf | ||
| KAUAET | KAUAET | 07/04/2012 | 690 | 16731 | Books |
